000 00703nam a2200289Ia 4500
005 20260324135206.0
008 008 260324s9999 xx 000 0 eng d
020 _a9781315224152
037 _aEBOOK
040 _aCRL
040 _beng
040 _cCRL
041 _2eng
041 _aeng
084 _qCRL
100 _aJohn Morgan
_91148127
245 4 _aThe Impact of Art and Culture on Caregiving
245 4 _bThe Impact of Art and Culture on Caregiving
260 _bTaylor and Francis
260 _c2000
365 _a
365 _b220
856 _uhttp://www.taylorfrancis.com/books/9781315224152
942 _cEBOOK
999 _c1800508
_d1800508